000 00461nam a2200181Ia 4500
003 GCL
008 140319s9999 xx 000 0 eng d
040 _aGCL /
_cGCL
082 0 4 _a759
_bK C
100 1 _aKOSTENEVICH, ALBERT
245 1 0 _aCOLLECTING MATISSE /
_cKOSTENEVICH, ALBERT
260 _a[S.N] :
_bFLAMMARION ،
_c1993
300 _a190
650 0 4 _aCOLLECTIONS
650 0 4 _aMATISSE, HENRI, 1869 - 1954
650 0 4 _aPAINTINGS
942 _2ddc
_cBK
999 _c24443
_d24443